书目信息 |
| 题名: |
父母爱情
|
|
| 作者: | 刘静, 著 | |
| 分册: | ||
| 出版信息: | 武汉 长江文艺出版社 2019.07 |
|
| 页数: | 258页 | |
| 开本: | 24cm | |
| 丛书名: | ||
| 单 册: | ||
| 中图分类: | I247.7 | |
| 科图分类: | ||
| 主题词: | 中篇小说--zhong pian xiao shuo--小说集--中国--当代 , 短篇小说--duan pian xiao shuo--小说集--中国--当代 | |
| 电子资源: | ||
| ISBN: | 978-7-5702-1127-2 | |
| 000 | 00936nam0 2200253 450 | |
| 001 | 202019137228 | |
| 005 | 20191026133320.0 | |
| 010 | @a978-7-5702-1127-2@dCNY42.00 | |
| 100 | @a20191022d2019 em y0chiy50 ea | |
| 101 | 0 | @achi |
| 102 | @aCN@b420000 | |
| 105 | @ay z 000ay | |
| 106 | @ar | |
| 200 | 1 | @a父母爱情@Afu mu ai qing@e经典典藏独本@f刘静著 |
| 210 | @a武汉@c长江文艺出版社@d2019.07 | |
| 215 | @a258页@d24cm | |
| 330 | @a本书讲述年轻军人极富时代感的训练、爱情、友谊及与社会相融合的多彩生活和激情 ; 《父母爱情》讲述父辈一生平凡爱情 ; 《戎装女人》以女性视角关照军营及军营所辐射出来的周边世界。 | |
| 517 | 1 | @a经典典藏独本@Ajing dian dian cang du ben |
| 606 | 0 | @a中篇小说@Azhong pian xiao shuo@x小说集@y中国@z当代 |
| 606 | 0 | @a短篇小说@Aduan pian xiao shuo@x小说集@y中国@z当代 |
| 690 | @aI247.7@v5 | |
| 701 | 0 | @a刘静,@Aliu jing@f1961-2019@4著 |
| 801 | 0 | @aCN@c20190905 |
| 905 | @a河南城建学院图书馆@dI247.7@eL632 | |
| 父母爱情:经典典藏独本/刘静著.-武汉:长江文艺出版社,2019.07 |
| 258页;24cm |
| ISBN 978-7-5702-1127-2:CNY42.00 |
| 本书讲述年轻军人极富时代感的训练、爱情、友谊及与社会相融合的多彩生活和激情 ; 《父母爱情》讲述父辈一生平凡爱情 ; 《戎装女人》以女性视角关照军营及军营所辐射出来的周边世界。 |
| ● |
| 相关链接 |
|
|
|
正题名:父母爱情
索取号:I247.7/L632
 
预约/预借
| 序号 | 登录号 | 条形码 | 馆藏地/架位号 | 状态 | 备注 |
| 1 | 1445676 | 214456765 | 文学库108/108文学库 60排4列1层/ [索取号:I247.7/L632] | 在馆 | |
| 2 | 1445677 | 214456774 | 文学库108/108文学库 60排4列1层/ [索取号:I247.7/L632] | 在馆 |